00570nam a2200181 a 4500001001000000003000900010005001700019008004100036040002500077082002700102100002100129245006700150250001200217260004800229300002100277500005300298600003700351000038736DO-SdBNP20240927073749.0130419s1967 dr 000 0bspa d aDO-SdBNPbspacBNPHU a923.17293bB171C, 19671 aCordero, Armando10aJoaquín Balaguer, pensador y estadísta /cArmando Cordero. a2a. ed. aSanto Domingo :bEditora del Caribe,c1967. a111 p. ;c25 cm. aIncluye bibliografía al final de los capitulos10a Balaguer, Joaquín,d1906-2002